Aquaculture for veterinarians: fish husbandry and medicine

Збережено в:
Бібліографічні деталі
Автор: Brown, Lydia (Автор)
Формат: Книга
Мова:Англійська
Опубліковано: Oxford Pergamon Press 1993
Серія:Pergamon Veterinary Handbook Series
Предмети:
Теги: Додати тег
Немає тегів, Будьте першим, хто поставить тег для цього запису!

MARC

LEADER 00000nam a2200000 a 4500
001 UCZ6355
003 CL-VaPUC
008 951211e19930000UK |||||||||||||||||eng|d
082 0 4 |a 639.3  |b BRO  |2 21 
100 0 |a Brown, Lydia  |e author  |9 350612 
245 1 0 |a Aquaculture for veterinarians: fish husbandry and medicine 
300 |a 447 p 
942 |c BK 
945 |d 19951211 00:00:00  |a rleighto 
260 |a Oxford  |b Pergamon Press  |c 1993 
650 0 |a Acuicultura  |9 258883 
650 7 |a PECES MARINOS  |2 CL-VaPUC  |9 350613 
650 0 |a Enfermedades  |9 263059 
650 0 |a Nutrición   |9 259434 
650 0 |a Veterinaria  |9 341740 
650 0 |a Zoopatología  |9 350614 
583 |a last modification  |c 19951211 00:00:00  |k Rodrigo Vera 
490 0 |a Pergamon Veterinary Handbook Series 
999 |c 242563  |d 242561 
952 |0 0  |1 0  |4 0  |6 639_300000000000000_BRO_1993  |7 0  |8 CCM  |9 255602  |a BIBCUR  |b BIBCUR  |d 2019-11-19  |i 3158950  |o 639.3 BRO 1993  |p 3158950  |r 2025-04-22  |w 2019-11-19  |y BK  |k CIM